00282nam a2200121Ia 450000500170000000800410001708200130005810000140007124500120008526000270009730000130012450000230013720250318124433.0240331s9999 xx 000 0 und d bJOSa894 aJoseph, T 0aPaalayi aChennaibDuraivic1997 a160 p ., aThree Short Novels